The 1940s

Bibliographic Details
Main Author: Wood, Tim
Other Authors: Unstead, R.J
Format: Book
Published: London : Franklin Watts , 1990
Series:Picture History of the 20th Century
Subjects:

MARC

LEADER 00000cam a2200000 7i4500
001 0000005590
002 000006042
005 20000330.0
020 |a 0863137369 
090 0 0 |a J 909.82   |b PIC 
100 1 |a Wood, Tim 
245 1 4 |a The 1940s   |c Tim Wood and R.J.Unstead 
260 |a London :   |b Franklin Watts ,   |c 1990 
300 |a 48 p. ;   |c 29 cm. 
490 0 |a Picture History of the 20th Century 
650 0 0 |a World War ll   |x Juvenile literature 
700 1 |a Unstead, R.J 
999 |a 026875   |b BUKU   |c PINJAMAN   |e PERPUSTAKAAN KOMUNITI PETALING JAYA